UBT Library

Changing performance on the job : (Record no. 41805)

000 -LEADER
fixed length control field 00675pam a2200241 a 4500
001 - CONTROL NUMBER
control field 1879426
005 - DATE AND TIME OF LATEST TRANSACTION
control field 20180205082012.0
008 - FIXED-LENGTH DATA ELEMENTS--GENERAL INFORMATION
fixed length control field 831219r19841980nyua b 001 0 eng
010 ## - LIBRARY OF CONGRESS CONTROL NUMBER
LC control number 83025719
020 ## - INTERNATIONAL STANDARD BOOK NUMBER
International Standard Book Number 0814455336 (hard)
020 ## - INTERNATIONAL STANDARD BOOK NUMBER
International Standard Book Number 0814476139 (pbk.) :
Terms of availability $9.95
040 ## - CATALOGING SOURCE
Original cataloging agency DLC
Transcribing agency DLC
Modifying agency DLC
041 ## - LANGUAGE CODE
Language code of text/sound track or separate title eng
080 ## - UNIVERSAL DECIMAL CLASSIFICATION NUMBER
Universal Decimal Classification number 658.3
082 00 - DEWEY DECIMAL CLASSIFICATION NUMBER
Classification number 658.3 POT
Edition number 19
100 1# - Rafti
Rafti 54
101 ## - Shkurtesa
Shkurtesa LID
240 10 - UNIFORM TITLE
Uniform title <a href="Turning around">Turning around</a>
245 10 - TITLE STATEMENT
Title Changing performance on the job :
Statement of responsibility, etc Beverly A. Potter.
504 ## - BIBLIOGRAPHY, ETC. NOTE
Bibliography, etc Includes bibliographies and index.
906 ## - LOCAL DATA ELEMENT F, LDF (RLIN)
a 7
b cbc
c orignew
d 1
e ocip
f 19
g y-gencatlg
942 ## - ADDED ENTRY ELEMENTS (KOHA)
Source of classification or shelving scheme
Item type Books
Holdings
Withdrawn status Lost status Source of classification or shelving scheme Damaged status Not for loan Collection code Permanent location Current location Shelving location Date acquired Total Checkouts Full call number Barcode Date last seen Price effective from Koha item type
          Koleksioni i përgjithshem UBT - Lipjan UBT - Lipjan Koleksioni i përgjithshem 02/05/2018   658.3 POT 002-2997148 02/05/2018 02/05/2018 Books
UBT Library © 2015-2024. All rights reserved University Education for Business and Technology